Fundamentals Of Python First Programs (Record no. 359758)
[ view plain ]
| 000 -LEADER | |
|---|---|
| fixed length control field | 00380 a2200157 4500 |
| 005 - DATE AND TIME OF LATEST TRANSACTION | |
| control field | 20250509110953.0 |
| 008 - FIXED-LENGTH DATA ELEMENTS--GENERAL INFORMATION | |
| fixed length control field | 250509b |||||||| |||| 00| 0 eng d |
| 020 ## - INTERNATIONAL STANDARD BOOK NUMBER | |
| International Standard Book Number | 9789360531027 |
| 041 ## - LANGUAGE CODE | |
| Language code of text/sound track or separate title | English |
| 100 ## - MAIN ENTRY--PERSONAL NAME | |
| Author | Lambert K.A. |
| 245 ## - TITLE STATEMENT | |
| Title | Fundamentals Of Python First Programs |
| 250 ## - EDITION STATEMENT | |
| Edition statement | 3rd |
| 260 ## - PUBLICATION, DISTRIBUTION, ETC. | |
| Name of publisher, distributor, etc. | Cengage Learning India |
| Date of publication, distribution, etc. | 2024 |
| 300 ## - PHYSICAL DESCRIPTION | |
| Extent | 460 |
| 942 ## - ADDED ENTRY ELEMENTS (KOHA) | |
| Koha item type | Books |
| Withdrawn status | Lost status | Source of classification or shelving scheme | Damaged status | Not for loan | Home library | Current library | Date acquired | Vendor | Net Price | Total Checkouts | Full call number | Barcode | Date last seen | Date last checked out | Actual Price | Bill Date | Koha item type | Date due |
|---|---|---|---|---|---|---|---|---|---|---|---|---|---|---|---|---|---|---|
| Dewey Decimal Classification | Cummins College of Engineering for Women Pune | Cummins College of Engineering for Women Pune | 03/10/2024 | 87 | 446.25 | 5 | 005.13'3 LAM | CCEP-BK-67470 | 05/03/2026 | 20/02/2026 | 595.00 | 03/10/2024 | Books | |||||
| Dewey Decimal Classification | Cummins College of Engineering for Women Pune | Cummins College of Engineering for Women Pune | 03/10/2024 | 87 | 446.25 | 4 | 005.13'3 LAM | CCEP-BK-67469 | 04/03/2026 | 20/02/2026 | 595.00 | 03/10/2024 | Books | |||||
| Dewey Decimal Classification | Cummins College of Engineering for Women Pune | Cummins College of Engineering for Women Pune | 12/03/2025 | 63 | 446.25 | 2 | 005.13'3 LAM | CCEP-BK-68548 | 25/03/2026 | 25/03/2026 | 595.00 | 12/03/2025 | Books | 08/04/2026 | ||||
| Dewey Decimal Classification | Cummins College of Engineering for Women Pune | Cummins College of Engineering for Women Pune | 12/03/2025 | 63 | 446.25 | 005.13'3 LAM | CCEP-BK-68552 | 12/03/2025 | 595.00 | 12/03/2025 | Books | |||||||
| Dewey Decimal Classification | Cummins College of Engineering for Women Pune | Cummins College of Engineering for Women Pune | 12/03/2025 | 63 | 446.25 | 1 | 005.13'3 LAM | CCEP-BK-68550 | 29/12/2025 | 29/12/2025 | 595.00 | 12/03/2025 | Books | 29/06/2026 | ||||
| Dewey Decimal Classification | Cummins College of Engineering for Women Pune | Cummins College of Engineering for Women Pune | 12/03/2025 | 63 | 446.25 | 2 | 005.13'3 LAM | CCEP-BK-68549 | 31/03/2026 | 31/03/2026 | 595.00 | 12/03/2025 | Books | 15/04/2026 | ||||
| Dewey Decimal Classification | Cummins College of Engineering for Women Pune | Cummins College of Engineering for Women Pune | 12/03/2025 | 63 | 446.25 | 1 | 005.13'3 LAM | CCEP-BK-68551 | 05/03/2026 | 20/02/2026 | 595.00 | 12/03/2025 | Books |